LEADER 01057nam0-22003731i-450- 001 990005589170403321 005 20130206151530.0 035 $a000558917 035 $aFED01000558917 035 $a(Aleph)000558917FED01 035 $a000558917 100 $a19990604d1975----km-y0itay50------ba 101 0 $aita 102 $aIT 105 $af-------00--- 200 1 $a<>Basilica di S. Pietro$fCarlo Galassi Paluzzi 210 $aBologna$cCappelli$d1975 215 $a532 p., [159] c. di tav., [5] c. di tav. ripieg.$cill.$d25 cm 225 1 $aRoma cristiana$v17 610 0 $aRoma$aS. Pietro in Vaticano 676 $a726.6 700 1$aGalassi Paluzzi,$bCarlo$0182112 801 0$aIT$bUNINA$gRICA$2UNIMARC 901 $aBK 912 $a990005589170403321 952 $a726.6 GAL 1$bST.ARTE 12456$fFLFBC 952 $a06.134$b7256$fDARST 952 $a11.129$b6674$fDARST 952 $aART.FI B 17$b10117$fFARBC 959 $aFLFBC 959 $aDARST 959 $aFARBC 996 $aBasilica di S. Pietro$9608488 997 $aUNINA